=LDR 00000nam 2200000 4500 =001 INLIS000000000006883 =005 20130612094953 =008 ***********************************Ind** =035 ##$$0010-061300000006883 =041 ##$$a Ind =082 ##$$a 514 =090 ##$$a 514, Sur b =100 ##$$a Suryadi, R =245 ##$$a Materio pokok himpunan dan pengantar tapologi, Prf. Drs. R. Soerdjadi =260 ##$$a 1987 $b Jakarta =300 ##$$a 30 hlm., 21 cm =650 ##$$a Topologi